WIFO Monatsberichte (Record no. 5508)
[ view plain ]
| 000 -LEADER | |
|---|---|
| fixed length control field | 00533nas a22002057i 4500 |
| 001 - CONTROL NUMBER | |
| control field | 5770 |
| 003 - CONTROL NUMBER IDENTIFIER | |
| control field | OSt |
| 005 - DATE AND TIME OF LATEST TRANSACTION | |
| control field | 20181102121321.0 |
| 007 - PHYSICAL DESCRIPTION FIXED FIELD--GENERAL INFORMATION | |
| fixed length control field | tu |
| 008 - FIXED-LENGTH DATA ELEMENTS--GENERAL INFORMATION | |
| fixed length control field | 161220c19279999a ||||| |||| 00| 0 ger d |
| 022 ## - INTERNATIONAL STANDARD SERIAL NUMBER | |
| International Standard Serial Number | 0029-9898 |
| 024 7# - OTHER STANDARD IDENTIFIER | |
| Standard number or code | 5770 |
| Source of number or code | RID |
| 024 7# - OTHER STANDARD IDENTIFIER | |
| Standard number or code | 5770 |
| Source of number or code | RSN (alt) |
| 040 ## - CATALOGING SOURCE | |
| Transcribing agency | OSt |
| 110 2# - MAIN ENTRY--CORPORATE NAME | |
| Corporate name or jurisdiction name as entry element | Österreichisches Institut für Wirtschaftsforschung (WIFO) |
| 245 00 - TITLE STATEMENT | |
| Title | WIFO Monatsberichte |
| 260 ## - PUBLICATION, DISTRIBUTION, ETC. | |
| Place of publication, distribution, etc. | Wien : |
| Name of publisher, distributor, etc. | Österreichisches Institut für Wirtschaftsforschung (WIFO), |
| Date of publication, distribution, etc. | 1927- |
| 362 ## - DATES OF PUBLICATION AND/OR SEQUENTIAL DESIGNATION | |
| Dates of publication and/or sequential designation | 1.1927- |
| 942 ## - ADDED ENTRY ELEMENTS (KOHA) | |
| Koha item type | Journal |
| Withdrawn status | Lost status | Damaged status | Not for loan | Home library | Current library | Shelving location | Date acquired | Serial Enumeration / chronology | Total Checkouts | Date last seen | Price effective from | Koha item type |
|---|---|---|---|---|---|---|---|---|---|---|---|---|
| WIIW | WIIW | Library | 11/02/2018 | 1993- | 11/02/2018 | 11/02/2018 | Journal |
